Byzantine civilisation /

محفوظ في:

المؤلف الرئيسي: Runciman, Steven, 1903-2000 (مؤلف)

التنسيق: كتاب

اللغة: English

منشور في: London : E. Arnold, [1948].

الموضوعات:

الوسوم: إضافة وسم

لا توجد وسوم, كن أول من يضع وسما على هذه التسجيلة!

رقم الطلب: DF531 .R8 1948

LEADER 00681nam a2200241I 4500
001 6186
003 OSt
005 20260106095624.0
008 130303s1948 enk 000 0 eng d
035 |a ocm05694461 
040 |c ARCE Library 
050 4 |a DF531 .R8 1948 
100 1 |a Runciman, Steven,  |d 1903-2000,  |e author  |9 38786 
245 1 0 |a Byzantine civilisation /  |c by Steven Runciman. 
264 1 |a London :  |b E. Arnold,  |c [1948]. 
300 |a 320 pages ;  |c 23 cm. 
500 |a "First published, 1933" 
500 |a Printed in Great Britain. 
504 |a Bibliography : page 306. 
651 0 |a Byzantine Empire  |x Civilization. 
901 |a reviewed 
942 |c BK  |2 lcc 
999 |c 4848  |d 4848